| 000 -CABECERA |
| campo de control de longitud fija |
02059nam a22002177a 4500 |
| 003 - IDENTIFICADOR DEL NÚMERO DE CONTROL |
| campo de control |
OSt |
| 005 - FECHA Y HORA DE LA ÚLTIMA TRANSACCIÓN |
| campo de control |
20220609093944.0 |
| 008 - DATOS DE LONGITUD FIJA--INFORMACIÓN GENERAL |
| campo de control de longitud fija |
220609b ||||| |||| 00| 0 spa d |
| 020 ## - NÚMERO INTERNACIONAL ESTÁNDAR DEL LIBRO |
| Número Internacional Estándar del Libro |
9789585118768 |
| 040 ## - FUENTE DE LA CATALOGACIÓN |
| Centro/agencia transcriptor |
CO*-MqBPB |
| 082 ## - NÚMERO DE LA CLASIFICACIÓN DECIMAL DEWEY |
| Número de clasificación |
701.18 |
| Número de documento/Ítem |
G17d |
| 100 ## - ENTRADA PRINCIPAL--NOMBRE DE PERSONA |
| Nombre de persona |
Garcia Marquez, Gabriel. |
| Fechas asociadas al nombre |
1927-2014 |
| 245 ## - MENCIÓN DE TÍTULO |
| Título |
Dos soledades/ |
| Resto del título |
Un diálogo sobre la novela en América Latina. |
| Mención de responsabilidad, etc. |
Gabriel Garcia Marquez |
| 264 ## - PRODUCCIÓN, PUBLICACIÓN, DISTRIBUCIÓN, FABRICACIÓN Y COPYRIGHT |
| Producción, publicación, distribución, fabricación y copyright |
Bogotá: |
| Nombre del de productor, editor, distribuidor, fabricante |
Penguin Random House: |
| Fecha de producción, publicación, distribución, fabricación o copyright |
2021 |
| 300 ## - DESCRIPCIÓN FÍSICA |
| Extensión |
168 pag. |
| Otras características físicas |
Tapa Rústica. |
| Dimensiones |
24 cm. |
| 490 ## - MENCIÓN DE SERIE |
| Mención de serie |
Narrativa Hispánica |
| 500 ## - NOTA GENERAL |
| Nota general |
DOS SOLEDADES: UN DIÁLOGO SOBRE LA NOVELA EN AMÉRICA LATINA<br/>En septiembre de 1967, unos jóvenes Gabriel García Márquez y Mario Vargas Llosa se reunieron en Lima para hablar de literatura latinoamericana. El primero había vendido ya miles de ejemplares de Cien años de soledad. El segundo acababa de ganar el Premio Rómulo Gallegos por La casa verde. Hoy ambos son considerados universalmente dos de los máximos exponentes de la literatura en español, pero por aquel entonces eran dos jóvenes que estaban empezando su carrera como novelistas. En Dos soledades se sitúan frente a frente dos escritores, dos genios literarios, dos maneras diferentes de entender la literatura, dos temperamentos en cierto modo contradictorios, dos formas distintas de narrar. Son los tiempos en que el boom se está gestando, en los que todavía no se ha acuñado nombre para lo que hoy conocemos como «realismo mágico». En estas páginas apasionantes, el lector asiste a una conversación sin igual. La edición incorpora textos de Juan Gabriel Vásquez, Luis Rodríguez Pastor, José Miguel Oviedo, Abelardo Oquendo, Abelardo Sánchez León y Ricardo González Vigil, quienes rememoran, la mayoría en calidad de testigos, aquel diálogo; y, además, dos entrevistas al escritor colombiano, una selección fotográfica, y la valoración que hace hoy Vargas Llosa de la vida y obra de García Márquez. |
| 650 ## - PUNTO DE ACCESO ADICIONAL DE MATERIA--TÉRMINO DE MATERIA |
| Fuente del encabezamiento o término |
Narrativa |
| Subdivisión de forma |
Hispánoamerica |
| 700 ## - PUNTO DE ACCESO ADICIONAL--NOMBRE DE PERSONA |
| Nombre de persona |
Mario Vargas LLosa |
| Fechas asociadas al nombre |
Autor |
| 942 ## - ELEMENTOS DE PUNTO DE ACCESO ADICIONAL (KOHA) |
| Fuente del sistema de clasificación o colocación |
|
| Tipo de ítem Koha |
Libro |